03201cam a22004574i 4500003000900000005001700009008004100026020001500067020001800082035002000100082002300120100002900143245030100172264007100473300005600544300001300600336002100613337002500634338002300659490003400682504004800716504003500764505071100799505098501510526000902495526000902504526000902513526000902522526000902531526000902540526000802549526000802557526000802565526000802573526000802581526000802589650003402597650005302631700003002684700002902714PE-LiUPU20250731184539.0181219s2014 xxua r 001 0 eng  a1931745994 a9781931745994 a(Sirsi) a25110704a939.46402bL542231 aLevy, Thomas E.,eautor.10aNew insights into the Iron Age archaeology of Edom, southern Jordan :bsurveys, excavations and research from the University of California, San Diego-Department of Antiquities of Jordan, Edom Lowlands Regional Archaeology Project (ELRAP) /cby Thomas E. Levy, Mohammad Najjar, and Erez Ben-Yosef. 1a[Los Angeles] :bThe Cotsen Institute of Archaeology Press,c2014. a2 volúmenes :bilustraciones ;c29 centímetros. a1 CD-ROM atext2rdacontent aunmediated2rdamedia avolume2rdacarrier0 aMonumenta archaeologica ;v35 aBibliografía al final de cada capítulo. aÍndice: páginas 1003-1034.0 aVolumen I,tNew insights into the Iron Age archaeology of Edom, southern Jordan: surveys, excavations and research from the University of California, San Diego-Department of Antiquities of Jordan, Edom Lowlands Regional Archaeology Project (ELRAP).a The Iron Age Edom lowlands regional archaeology project : Research design and methodology -- Excavations at Khirbat en-Nahas 2002-2009 : An Iron Age copper production center in the lowlands of Edom -- New perspectives on the Iron Age Edom Steppe and Highlands Khirbat al-Malayqtah, Khirbat al-Kur, Khirbat al-Iraq Shmaliya, and Tawilan -- Iron Age Ceramics from Edom: A New Typology -- The Petrography of Iron Age Edom: From the lowlands to the Highlands.0 aVolumen II,tNew insights into the Iron Age archaeology of Edom, southern Jordan: surveys, excavations and research from the University of California, San Diego-Department of Antiquities of Jordan, Edom Lowlands Regional Archaeology Project (ELRAP).aLocal Iron Age Trade Routes in Northern Edom : From the Faynan Copper Ore District to the Highlands -- Patterns of Iron Age Mining and Settlement in Jordan's Faynan District : the Wadi al-Jariya survey in context -- Feeding the Iron Age Metalworkers at Khirbat en-Nahas : Zooarchaeological data -- Wadi Fidan 40 and Mortuary Archaeology in the Edom Lowlands -- A pictore of the early and late Iron Age II in the Lowlands -- The Iron Age Egyptian Amulet Assemblage -- New Iron Age excavations at copper production sites, mines, and fortresses in Faynan -- The material culture of Iron Age Copper production in Faynan -- The Iron Age Edomite Script and Language : Methodological Strictures and Preliminary statements -- Conclusion. aP136 aP135 aP134 aP133 aP144 aP143 aP87 aP35 aP20 aP14 aP10 aP0604aEdad del hierrozEdom (Reino)04aArqueología socialzJordanzFaynān Wādī.1 aNajjar, Mohammad,eautor.1 aBen-Yosef, Erez,eautor.